<?xml version="1.0" encoding="UTF-8"?>
<record
    xmlns:xsi="http://www.w3.org/2001/XMLSchema-instance"
    xsi:schemaLocation="http://www.loc.gov/MARC21/slim http://www.loc.gov/standards/marcxml/schema/MARC21slim.xsd"
    xmlns="http://www.loc.gov/MARC21/slim">

  <leader>00425nam a2200145Ia 4500</leader>
  <controlfield tag="008">230718s9999    xx            000 0 und d</controlfield>
  <datafield tag="041" ind1=" " ind2=" ">
    <subfield code="a">eng</subfield>
  </datafield>
  <datafield tag="082" ind1=" " ind2=" ">
    <subfield code="a">005.117</subfield>
    <subfield code="b">O'D</subfield>
  </datafield>
  <datafield tag="100" ind1=" " ind2=" ">
    <subfield code="a">O'Docherty M.</subfield>
  </datafield>
  <datafield tag="245" ind1=" " ind2=" ">
    <subfield code="a">Object Oriented Analysis And Design </subfield>
    <subfield code="b">Understanding System Development With Uml 2.0.</subfield>
  </datafield>
  <datafield tag="260" ind1=" " ind2=" ">
    <subfield code="b">John Wiley</subfield>
  </datafield>
  <datafield tag="365" ind1=" " ind2=" ">
    <subfield code="c">Rs.</subfield>
    <subfield code="b">329.00</subfield>
  </datafield>
  <datafield tag="700" ind1=" " ind2=" ">
    <subfield code="a">O'Docherty M.</subfield>
  </datafield>
  <datafield tag="906" ind1=" " ind2=" ">
    <subfield code="d">B:SL 11/11727-May-2011</subfield>
    <subfield code="c">IT</subfield>
    <subfield code="b">164.5</subfield>
  </datafield>
  <datafield tag="999" ind1=" " ind2=" ">
    <subfield code="c">327922</subfield>
    <subfield code="d">327922</subfield>
  </datafield>
  <datafield tag="952" ind1=" " ind2=" ">
    <subfield code="0">0</subfield>
    <subfield code="1">0</subfield>
    <subfield code="4">0</subfield>
    <subfield code="7">0</subfield>
    <subfield code="a">CCEP</subfield>
    <subfield code="b">CCEP</subfield>
    <subfield code="d">2011-06-09</subfield>
    <subfield code="e">Technical Book Services</subfield>
    <subfield code="f">IT</subfield>
    <subfield code="g">246.75</subfield>
    <subfield code="i">SL 11/117</subfield>
    <subfield code="l">0</subfield>
    <subfield code="o">005.117</subfield>
    <subfield code="p">CCEP-BK-39129</subfield>
    <subfield code="r">2023-07-18 00:00:00</subfield>
    <subfield code="t">164.5</subfield>
    <subfield code="v">329.00</subfield>
    <subfield code="w">2011-05-27</subfield>
    <subfield code="y">BK</subfield>
    <subfield code="z">039129</subfield>
  </datafield>
</record>
